000
00270nam a22001217a 4500
008
180125b xxu||||| |||| 00| 0 eng d
041
_a
eng
080
_a
616.12-008-073
100
_a
7
101
_a
kar
245
_a
then organ systems
_c
bard.s.m
942
_2
udc
_c
BK
999
_c
40887
_d
40887